| 000 | 00529nam a2200205Ia 4500 | ||
|---|---|---|---|
| 003 | OSt | ||
| 005 | 20251103145313.0 | ||
| 008 | 210210b1970 xxu||||| |||| 00| 0 eng d | ||
| 040 | _cAL | ||
| 041 | _aEnglish | ||
| 082 | _a894.814109 GOKB | ||
| 100 |
_aGOKAK (Vinayak Krishna). _9243558 |
||
| 245 | _aBendre poet and seer. | ||
| 260 |
_aBombay _bSomaiya Publications Pvt Ltd., _c1970 |
||
| 300 | _a107 | ||
| 650 |
_aBendre in english _9243559 |
||
| 690 |
_aKannada Criticism _9243560 |
||
| 906 | _aSG02350 | ||
| 942 |
_2ddc _cBK |
||
| 999 |
_c113379 _d113379 |
||